| 000 | 01801nam0a2200361 4500 | ||
|---|---|---|---|
| 001 | RU\NLR\bibl\1744349 | ||
| 005 | 20260407065235.0 | ||
| 010 |
_a978-5-7572-0270-9 _9350 |
||
| 021 |
_aRU _b2011-10384 _9741 |
||
| 035 | _a(nilc)RSL-KNO-004894180 | ||
| 035 | _a(NLR Aleph) 001735252 | ||
| 090 |
_a1424929 _c1424929 |
||
| 100 | _a20110221d2010 |||y0rusy50 ca | ||
| 101 | 0 | _arus | |
| 102 | _aRU | ||
| 105 | _aa ||||||||| | ||
| 200 | 1 |
_aЗемледелие - благородное поприще _eк 100-летию со дня основания Ульяновского научно-исследовательского института сельского хозяйства _fРоссийская акад. с.-х. наук, Гос. науч. учреждение Ульяновский науч.-исслед. ин-т сельского хоз-ва Россельхозакадемии _g[авт. и сост.: В. А. Гуркин] |
|
| 210 |
_aУльяновск _cУНИИСХ _d2010 |
||
| 215 |
_a293, [5] с. _cил., цв. ил., портр., цв. портр., табл., факс. _d24 |
||
| 320 | _aБиблиогр. в подстроч. примеч. | ||
| 601 | 0 | 2 |
_aУльяновский НИИ сельского хозяйства _xИстория _92623800 _3RU\NLR\auth\661560360 |
| 686 |
_aП14д(2),0 _2rubbk |
||
| 686 |
_aП9(2Р354-4Ул)14,0 _2rubbk |
||
| 686 | _aП.е(2)л2 | ||
| 702 | 1 |
_aГуркин _bВ. А. _gВладимир Александрович _4220 |
|
| 712 | 0 | 2 |
_4570 _aУльяновский НИИ сельского хозяйства _3RU\NLR\AUTH\8810032687 _9563932 |
| 801 | 0 |
_aRU _bRuMoRKP _c20110221 _grcr |
|
| 801 | 1 |
_aRU _bRuMoRGB _c20110221 |
|
| 801 | 2 |
_aRU _bNLR _c20110309 _grcr |
|
| 942 | _cBOOK | ||
| 980 | _aNB | ||
| 980 | _aNBR | ||